000 00709nam a22001937a 4500
999 _c7870
_d7870
003 AR-CdUCM
008 190321b ||||| |||| 00| 0 spa d
040 _aMUNICIPALIDAD PROVINCIAL DEL CUSCO
_cBIBLIOTECA MUNICIPAL DEL CUSCO
082 _23ed.
_a882.1 /
_bES91
100 _aEsquilo
_922258
245 _aTragedias /
260 _aBuenos Aires :
_bLosada,
_c1947.
300 _a268 páginas ;
_c18 cm.
440 _aLas cien obras maestras de la literatura y del pensamiento universal.
_n10
_922259
505 _aContenido : Las suplicantes -- Los persas -- Prometeo encadenado -- Los siete sobre Tebas -- La orestía ...
650 _aTeatro griego (Tragedia)
_922260
942 _2ddc
_cLIBROS
945 _azta